banner-ar

موسوعة المنارات : (Record no. 67607)

MARC details
000 -الفاتح
حقل البيانات ثابتة الطول 00985nam a2200265Ia 4500
005 - وقت وتاريخ اخر تعامل مع التسجيلة
رقم الضبط 20250629140242.0
008 - عناصر البيانات ثابتة الطول - معلومات عامة
حقل البيانات ثابتة الطول 250617s9999||||xx |||||||||||||| ||ara||
017 ## - رقم الايداع القانونى
رقم الايداع القانونى 2023/22502
المصدر ( الهيئة المختصة) مصر. دار الكتب
020 ## - الرقم الدولى المعيارى للكتب
الرقم الدولى المعيارى للكتاب 9778974188
040 ## - مصدر الفهرسة
وكالة الفهرسة الأصلية EG-CaGPL
وكالة النسخ EG-CaGPL
082 04 - رقم تصنيف ديوى العشرى
رقم التصنيف "726,2"
رقم المادة ع م
رقم الطبعة 21
100 0# - المدخل الرئيسى - إسم شخصى
الإسم الشخصى عبدالله كامل موسى عبده
245 10 - بيان العنوان
العنوان موسوعة المنارات :
بقية العنوان المنارات فى العمارة المصرية والعالم الإسلامى فى العصر المملوكى الجركسى /
بيان المسئوليه,etc عبدالله كامل موسى عبده
250 ## - بيان الطبعة
بيان الطبعة ط1
260 3# - PUBLICATION, DISTRIBUTION, ETC. (IMPRINT)
تاريخ النشر أو التوزيع 2025.
300 ## - الوصف المادى
التعداد 632ص :
تفاصيل ماديه اخرى للوعاء لوحات ؛
أبعاد الوعاء 24سم.
650 ## - المدخل الاضافى بالموضوع-مصطلح موضوعى
مصطلح موضوعي الآثار الإسلامية
مصدر الرأس أو المصطلح qrmak
650 ## - المدخل الاضافى بالموضوع-مصطلح موضوعى
مصطلح موضوعي العمارة الإسلامية
مصدر الرأس أو المصطلح qrmak
650 ## - المدخل الاضافى بالموضوع-مصطلح موضوعى
مصطلح موضوعي الفن الإسلامى
مصدر الرأس أو المصطلح qrmak
650 ## - المدخل الاضافى بالموضوع-مصطلح موضوعى
مصطلح موضوعي المآذن
مصدر الرأس أو المصطلح qrmak
650 ## - المدخل الاضافى بالموضوع-مصطلح موضوعى
مصطلح موضوعي المساجد
مصدر الرأس أو المصطلح qrmak
651 ## - المدخل الاضافى بالموضوع - اسم جغرافى
مصدر الرأس أو المصطلح qrmak
942 ## - عناصر المدخل الإضافي( كوها)
Koha [default] item type كتاب
مصدر التصنيف او مخطط الترفيف Dewey Decimal Classification
Holdings
حالة التراجع حالة الفقد حالة تلف ليس للاعارة المكان المؤقت الموقع الحالى موقع الترفيف تاريخ الاكتساب اجمالي اﻻعارات تاريخ اخر مشاهدة تاريخ تفعيل السعر نوع وعاء كوها
        مكتبة القاهرة الكبرى مكتبة القاهرة الكبرى قاعة الفنون_ك عربى 06/22/2025   06/22/2025 06/22/2025 كتاب

Powered By

EGPV